| 000 | 00754nam a2200241 i 4500 | ||
|---|---|---|---|
| 001 | 186436 | ||
| 003 | SpMaBN | ||
| 005 | 20230906222653.0 | ||
| 008 | 161114s1978 sp |||| |dspa d | ||
| 020 | _a84-01-41137-8 | ||
| 080 | _a821.134.2-31"19" | ||
| 080 | _a94(460)"1936/39"(0:82) | ||
| 100 | 1 |
_aRial, José Antonio. _996669 |
|
| 245 | 1 | 3 |
_aLa prisión de Fyffes / _cJosé Antonio Rial. |
| 250 | _a1ª ed. | ||
| 260 |
_aEsplugas de Llobregat (Barcelona) : _bPlaza & Janés, _c1978. |
||
| 300 |
_a330 p. ; _c18 cm. |
||
| 490 | 1 |
_aEl arca de papel ; _v137 |
|
| 651 | 7 |
_aEspaña- _xHistoria- _y1936-1939, Guerra civil- _vNovelas. _98310 |
|
| 830 | 0 |
_aEl arca de papel ; _v137 _9183379 |
|
| 852 |
_aES-MaACL _jL-30795 |
||
| 999 |
_c186436 _d186436 |
||